LEADER 02366nam 2200553 450 001 9910821613003321 005 20230730074816.0 010 $a3-13-258031-7 010 $a3-13-169281-2 024 7 $a10.1055/b-002-91661 035 $a(CKB)2550000001265460 035 $a(Georg Thieme Verlag)1411500935028 035 $a(SSID)ssj0001085243 035 $a(PQKBManifestationID)12480902 035 $a(PQKBTitleCode)TC0001085243 035 $a(PQKBWorkID)11053925 035 $a(PQKB)11199110 035 $a(Au-PeEL)EBL5252890 035 $a(CaPaEBR)ebr11505755 035 $a(OCoLC)1022793173 035 $a10.1055-b-002-91661 035 $a(DE-2912)1495658867468 035 $a(MiAaPQ)EBC5252890 035 $a(EXLCZ)992550000001265460 100 $a20180221h20142014 uy 0 101 0 $aeng 135 $aur|||||||| 181 $ctxt 182 $cc 183 $acr 200 10$aMeasurements and Classifications in Musculoskeletal Radiology /$fby: Waldt, Simone, Woertler, Klaus 210 1$aStuttgart, Germany ;$aNew York, New York :$cThieme,$d2014. 210 4$dİ2014 215 $a1 online resource (214 pages) $ccolor illustrations 300 $a"423 illustrations." 311 $a3-13-169271-5 311 $a1-306-19214-5 320 $aIncludes bibliographical references at the end of each chapters and index. 327 $aLower limb alignment / S. Waldt -- Hip / S. Waldt -- Knee / K. Woertler -- Foot / S. Waldt -- Shoulder joint / S. Waldt -- Elbow joint / S. Waldt -- Wrist and hand / S. Waldt -- Spine / S. Waldt, M. Eiber -- Craniocervical junction and cervical spine / M. Eiber -- Musculoskeletal tumors / K. Woertler -- Osteoporosis / S. Waldt -- Osteoarthritis / S. Waldt -- Articular cartilage / K. Woertler -- Hemophilia / M. Eiber -- Rheumatoid arthritis / M. Eiber -- Muscle injuries / S. Waldt -- Skeletal age / M. Eiber. 606 $aMusculoskeletal system$xRadiography 615 0$aMusculoskeletal system$xRadiography. 676 $a616.70757 700 $aWaldt$b Simone$4edt$4http://id.loc.gov/vocabulary/relators/edt$01672228 702 $aWoertler$b Klaus$4edt$4http://id.loc.gov/vocabulary/relators/edt 801 0$bDE-2912 906 $aBOOK 912 $a9910821613003321 996 $aMeasurements and Classifications in Musculoskeletal Radiology$94035413 997 $aUNINA LEADER 02614nas 2200829 a 450 001 996208198403316 005 20230125200801.0 011 $a1474-001X 035 $a(CKB)954925385141 035 $a(CONSER) 00227321 035 $a(OCoLC)44626783 035 $a(DE-599)ZDB2017943-1 035 $a(MiAaPQ)7133 035 $a(EXLCZ)99954925385141 100 $a20000721a19629999 sy a 101 0 $aeng 135 $aurcn||||||||| 181 $ctxt$2rdacontent 182 $cc$2rdamedia 183 $acr$2rdacarrier 200 14$aThe British journal for the history of science 210 $aRavensmead, Kent $cBritish Society for the History of Science 300 $aImprint varies: Oxford : Blackwell Scientific Publications for the British Society for the History of Science, 1986-1990; Cambridge : Cambridge University Press for the British Society for the History of Science, 1991- 300 $aRefereed/Peer-reviewed 311 $a0007-0874 517 1 $aBJHS 531 $aBRIT J HIST SCI 531 $aBRITISH J. HIST. SCI 531 $aBR J HIST SCI 531 $aBRITISH JOURNAL FOR THE HISTORY OF SCIENCE 531 $aBR. J. HIST. SCI 606 $aScience$xHistory$vPeriodicals 606 $aScience$xhistory 606 $aSciences$xHistoire$vPe?riodiques 606 $aHistoria nauki$2dbn 606 $aScience$2fast$3(OCoLC)fst01108176 606 $aNaturwissenschaften$2gnd 606 $aGeschichte$2gnd 606 $aZeitschrift$2gnd 606 $aOnline-Ressource$2gnd 606 $aWissenschaft$2gnd 606 $aNatuurwetenschappen$2gtt 606 $aNaturwissenschaften$2swd 606 $aGeschichte$2swd 606 $aZeitschrift$2swd 606 $aOnline-Publikation$2swd 606 $aWissenschaft$2swd 608 $aCzasopismo naukowe.$2dbn 608 $aHistory.$2fast 608 $aPeriodicals.$2fast 615 0$aScience$xHistory 615 2$aScience$xhistory. 615 6$aSciences$xHistoire 615 7$aHistoria nauki. 615 7$aScience. 615 7$aNaturwissenschaften 615 7$aGeschichte 615 7$aZeitschrift 615 7$aOnline-Ressource 615 7$aWissenschaft 615 17$aNatuurwetenschappen. 615 07$aNaturwissenschaften. 615 07$aGeschichte. 615 07$aZeitschrift. 615 07$aOnline-Publikation. 615 07$aWissenschaft. 676 $a509 712 02$aBritish Society for the History of Science. 906 $aJOURNAL 912 $a996208198403316 996 $aBritish journal for the history of science$9798533 997 $aUNISA